Visualizzazione normale
Vista MARC
- Ferrini Franco
di Personal Name
Records bibliografici associati: 1
001 - CONTROL NUMBER
- control field: 43868
003 - CONTROL NUMBER IDENTIFIER
- control field: IT-RoPau
005 - DATE AND TIME OF LATEST TRANSACTION
- control field: 20151127115958.0
008 - FIXED-LENGTH DATA ELEMENTS
- fixed length control field: 151127|| aca||aabn | a|a d
040 ## - CATALOGING SOURCE
- Original cataloging agency: IT-RoPau
- Transcribing agency: IT-RoPau
100 ## - HEADING--PERSONAL NAME
- Personal name: Ferrini Franco
- Relator term: (soggetto)
- Miscellaneous information: Codice Soggetto 2° SPICS: 6685
670 ## - SOURCE DATA FOUND
- Source citation: Work cat.: (IT-RoPau)105880: Verdone Carlo Codice regista SPICS: 29798 43866, ACQUA E SAPONE ACQUA E SAPONE (Rif. Codice opera principale : H8726)